Storia fiorentina / (Record no. 158567)
[ view plain ]
| 000 -LEADER | |
|---|---|
| campo de control de longitud fija | 00841nam a2200241 i 4500 |
| 001 - NÚMERO DE CONTROL | |
| campo de control | 158567 |
| 003 - IDENTIFICADOR DE NÚMERO DE CONTROL | |
| campo de control | ES-MaACL |
| 005 - FECHA Y HORA DE LA ÚLTIMA TRANSACCIÓN | |
| campo de control | 20250813015838.0 |
| 008 - DATOS DE LONGITUD FIJA--INFORMACIÓN GENERAL | |
| campo de control de longitud fija | 931025s1876 it |||| | ita d |
| 100 1# - ENTRADA PRINCIPAL--NOMBRE DE PERSONA | |
| Nombre de persona | Malispini, Giacotto. |
| 9 (RLIN) | 129383 |
| 245 10 - MENCIÓN DEL TÍTULO | |
| Título | Storia fiorentina / |
| Mención de responsabilidad, etc. | di Ricordano e Giacotto Malispini . Cronica fiorentina / di Dino Compagni... |
| 250 ## - MENCION DE EDICION | |
| Mención de edición | Ed. stereotipa. |
| 260 ## - PUBLICACIÓN, DISTRIBUCIÓN, ETC. | |
| Lugar de publicación, distribución, etc. | Milano : |
| Nombre del editor, distribuidor, etc. | Edoardo Sonzogno, |
| Fecha de publicación, distribución, etc. | 1876. |
| 300 ## - DESCRIPCIÓN FÍSICA | |
| Extensión | 327 p. ; |
| Dimensiones | 19 cm. |
| 490 1# - MENCIÓN DE SERIE | |
| Mención de serie | Biblioteca Classica Económica ; |
| Designación de volumen o secuencia | 37 |
| 700 11 - ENTRADA AGREGADA--NOMBRE PERSONAL | |
| Nombre de persona | Malispini, Ricordano. |
| 9 (RLIN) | 129384 |
| 700 11 - ENTRADA AGREGADA--NOMBRE PERSONAL | |
| Nombre de persona | Compagni, Dino. |
| Título de la obra | Cronica fiorentina. |
| 9 (RLIN) | 126555 |
| 700 11 - ENTRADA AGREGADA--NOMBRE PERSONAL | |
| Nombre de persona | Sonzogno, Edoardo, |
| Término indicativo de función/relación | |
| 9 (RLIN) | 132820 |
| 752 ## - ENTRADA AGREGADA--NOMBRE JERÁRQUICO DEL LUGAR | |
| País o entidad superior | Italia - |
| Ciudad | Milán |
| 830 00 - PUNTO DE ACCESO ADICIONAL DE SERIE-TÍTULO UNIFORME | |
| Título uniforme | Biblioteca classica economica |
| Designación de volumen o secuencia | 37 |
| 9 (RLIN) | 182054 |
| 852 ## - LOCALIZACIÓN | |
| Ubicación | ES-MaACL |
| Número de control de estantería | F-10617 |
| Nota libre | -- Enc. hol. |
| Estatus retirado | Estado de pérdida | Estado de daño | No para préstamo | Colección | Biblioteca de origen | Biblioteca actual | Ubicación en estantería | Fecha de adquisición | Fuente de adquisición | Total de préstamos | Signatura topográfica completa | Código de barras | Visto por última vez | Precio de reemplazo | Tipo de ítem Koha |
|---|---|---|---|---|---|---|---|---|---|---|---|---|---|---|---|
| Libros del s. XIX | Biblioteca del Ateneo de Madrid | Biblioteca del Ateneo de Madrid | Sala Pecera Planta 2 | 17/01/2008 | F-10617 | 1165967 | 23/02/2023 | 23/02/2023 | Libro impreso antiguo |
